Residential investment bulletin (Record no. 107852)

MARC details
000 -LEADER
fixed length control field 01143cad a22002175a 4500
001 - CONTROL NUMBER
control field L142206
008 - FIXED-LENGTH DATA ELEMENTS--GENERAL INFORMATION
fixed length control field 080129s2008 xxk f s 000 0 eng d
035 ## - SYSTEM CONTROL NUMBER
System control number (Sirsi) u142206
041 0# - LANGUAGE CODE
Language code of text/sound track or separate title eng
050 04 - LIBRARY OF CONGRESS CALL NUMBER
Classification number 332.6324 $2 18
110 2# - MAIN ENTRY--CORPORATE NAME
Corporate name or jurisdiction name as entry element Savills Research
9 (RLIN) 5211
245 00 - TITLE STATEMENT
Title Residential investment bulletin
Remainder of title buy to let market, winter 2008
Medium [electronic resource]
260 ## - PUBLICATION, DISTRIBUTION, ETC.
Place of publication, distribution, etc. London
Name of publisher, distributor, etc. Savills
Date of publication, distribution, etc. 2008
520 ## - SUMMARY, ETC.
Summary, etc. Reports that the national buy to let market is dominated buy one and two bedroom properties. New build flats account for 61% of entrants to this market over the last six years. The average net income yields is only 3.2%, however two thirds of investors aim to increase their portfolio in the medium term. Only 3% of investors hold a stake of less than 10% equity. Among those who own 20 properties or more, 70% hold equity of over 25%.
521 2# - TARGET AUDIENCE NOTE
Target audience note Advanced
590 ## - LOCAL NOTE (RLIN)
Local note KA
651 #4 - SUBJECT ADDED ENTRY--GEOGRAPHIC NAME
Geographic name United Kingdom
Chronological subdivision
690 ## - LOCAL SUBJECT ADDED ENTRY--TOPICAL TERM (OCLC, RLIN)
Topical term or geographic name as entry element PROPERTY-RESIDENTIAL PROPERTY-RESIDENTIAL PROPERTY MARKET
856 40 - ELECTRONIC LOCATION AND ACCESS
Uniform Resource Identifier <a href="https://www.savills.co.uk/research/Report.aspx?nodeID=9148">https://www.savills.co.uk/research/Report.aspx?nodeID=9148</a>
Public note View the item free of charge at www.savills.co.uk...
942 ## - ADDED ENTRY ELEMENTS (KOHA)
Suppress in OPAC 0
Holdings
Withdrawn status Lost status Source of classification or shelving scheme Damaged status Not for loan Home library Current library Shelving location Date acquired Total Checkouts Full call number Barcode Date last seen Copy number Price effective from Koha item type
    Dewey Decimal Classification     Virtual Virtual Online 29/01/2008   ONLINE PUBLICATION 142206-1001 06/08/2019 1 06/08/2019 Book